แสดงรายละเอียดบรรณานุกรม
  กลับหน้าหลัก

Brief Record : Get Marc (ISO 2709) : E-mail record : QR code ปิดหน้าต่าง
E-books : เกี่ยวกับ Collections
LEADER 00000nam 2200000uu 4500
001    210804
003     ULIBM
008    020711s2014 th a 000 0 eng d
020    978-0-07-182052-3
041    ^aeng
060  4 WY160 K37 2014
100    Keogh, Jim.
245    Psychiatric and mental health nursing demystified/^cJim Keogh.
260    New York :^bMcGraw-Hill education/Medical,^c2014.
300    xix,523 p. :^bill ;^c23 cm.
650  4 Psychiatric Nursing^xMethods
650  4 ^aMental Health Illness^xNursing
999    ^aใช้งานได้ทุกระบบ
รายการนี้ยังไม่มีแท็ก
คุณยังไม่ได้ล็อกอิน คุณสามารถมีกิจกรรมร่วมกับเว็บไซต์ได้ แต่ต้องล็อกอินก่อน ::
  ล็อกอิน
ลำดับที่ ประเภท เลขเรียก สถานที่ สถานะ
1. หนังสือทั่วไป
หนังสือทั่วไป
WY160 K37 2014 c.1 
  
การพยาบาลจิตเวชและสุขภาพจิต On Shelf
  ขอยืม
Note:ปีงบประมาณ 2558
2. หนังสือทั่วไป
หนังสือทั่วไป
WY160 K37 2014 c.4 
  
การพยาบาลจิตเวชและสุขภาพจิต On Shelf
  ขอยืม
Note:งบประมาณปี2559
3. หนังสือทั่วไป
หนังสือทั่วไป
WY160 K37 2014 c.2 
  
การพยาบาลจิตเวชและสุขภาพจิต On Shelf
  ขอยืม
Note:ปีงบประมาณ 2558
4. หนังสือทั่วไป
หนังสือทั่วไป
WY160 K37 2014 c.3 
  
การพยาบาลจิตเวชและสุขภาพจิต On Shelf
  ขอยืม
Note:ปีงบประมาณ 2558
   [แสดง 4/4 รายการ]

รายการใกล้เคียง
    หัวเรื่อง [Psychiatric Nursing Methods]

BibComment


ยังไม่เคยถูกคอมเมนท์

คอมเมนท์ทรัพยากรรายการนี้
  คอมเมนท์: Psychiatric and m..
Bib 210804

 
 
 

 Union Library Management : ULibM
Copyright 2026. All Rights Reserved.
скачать бесплатно без регистрации порно красивый секс HD Sex Hindi sex

xxx gou

xxxx

bfxxx

xxxwww

Секса Видео

xxxx

Секса Видео

detube

geilexxx

C99 Shell

worms shell

blod xxx video
Ebony Coed Rihanna Rimes Takes A Dick In Her Young Twat priyaa indian fuck anal and pusssy hardcore indian women xxx desi hardcore fucking part 1 bengalixxxcouple